|
|
|
|
| LEADER |
00000nab a2200000 a 4500 |
| 001 |
vtls000884332 |
| 003 |
SK-MaSNL |
| 005 |
20260304131206.0 |
| 008 |
250429c2004 xo 0 slo |
| 015 |
|
|
|a SNBRB2004/09-26916
|
| 035 |
|
|
|a CLN000235796
|
| 035 |
|
|
|a urn:nbn:sk:snk-abt9d
|
| 035 |
|
|
|a (urnnbn)urn:nbn:sk:snk:ar-a056v5
|
| 035 |
|
|
|a (uuid)123cf45f-9cc1-4157-8660-0cd8fd04c2d2
|
| 040 |
|
|
|a SNKBUCL
|b slo
|c SNKBUCL
|e AACR2
|
| 041 |
0 |
|
|a slo
|
| 044 |
|
|
|a xo
|c SK
|
| 080 |
|
|
|a 613.83:616.2
|2 1997
|
| 100 |
1 |
|
|a Bajan, Anton,
|d 1927-2009
|4 aut
|9 117001
|
| 245 |
1 |
0 |
|a Účinky inhalovaného alkaloidu kokaínu na dýchací systém
|c Anton Bajan
|
| 300 |
|
|
|b Tab.
|
| 504 |
|
|
|a Res. angl., nem., slov.
|
| 504 |
|
|
|a Bibliogr. odkazy
|
| 650 |
0 |
7 |
|a fajčenie
|2 MESH
|9 2509
|
| 650 |
0 |
7 |
|a kokaín
|2 MESH
|9 28110
|
| 650 |
0 |
7 |
|a poruchy súvisiace s abúzom kokaínu
|x komplikácie
|2 MESH
|9 1443923
|
| 650 |
0 |
7 |
|a choroby dýchacích ústrojov
|2 MESH
|9 80832
|
| 655 |
|
7 |
|a články z novín a časopisov
|2 snkbucl
|9 267496
|
| 773 |
0 |
|
|t Slovenský lekár
|g Roč. 14 (28), č. 3-4 (2004), s. 72-73
|x 1335-0234
|
| 850 |
|
|
|a Slovenská národná knižnica
|
| 852 |
|
|
|a Slovenská národná knižnica
|
| 954 |
|
|
|a odborná, vedecká literatúra pôvodná (slovenská)
|2 lita
|
| 958 |
|
|
|a article27
|
| 958 |
|
|
|a MI
|
| 958 |
|
|
|a NB
|
| 958 |
|
|
|a OND
|
| 958 |
|
|
|a EUIPO
|
| 992 |
|
|
|a RBX
|
| 999 |
|
|
|c 2896331
|d 2898261
|